000 01149nam a22001697a 4500
008 180807b xxu||||| |||| 00| 0 eng d
020 _a0071053980
050 _aRT87.S35
100 _aSackheim, George I.
245 _aProgrammed mathematics for nurses. /
_cGeorge I. Sackheim and Lewis Robins
250 _a8th ed.
260 _aNew York :
_bMcGraw-Hill/ Health Professions Division,
_c1996.
300 _aix, 313 p. :
_bill ;
_c28 cm.
505 _aContents: Unit 1: Units and measurements: Fractions -- Decimals -- Temperature conversion -- The metric system -- Conversions between metric and English units -- Comparison of the household and metric systems -- Ratio and proportion -- Abbreviations used for medications -- Some applications of computers to health care -- Unit 2: Miscellaneous medications and procedures: Fractions of tablets -- Medications from solutions -- Infants' and children dosages -- Antineoplastic medications -- Geriatric medications -- Medications from powders -- Intravenous medications -- Piggyback IVs -- Calories from IVs medications -- Milliequivallents (mEq).
700 _aRobins, Lewis.
942 _2lcc
_cBK
999 _c6638
_d14138